| 000 | 00584nam a22001937a 4500 | ||
|---|---|---|---|
| 005 | 20251108170023.0 | ||
| 008 | 250721s1984 xx 000 0 ara d | ||
| 082 | 1 | 4 | _aط/ق/عبد |
| 100 | 1 | _aبدوي، عبد السلام | |
| 245 | 1 | 0 | _aالتابوت الطائر / |
| 264 | 1 |
_aبيروت : _bدار المعارف، _c1984. |
|
| 300 | _a23ص : مص | ||
| 490 | 0 | _aعجائب المخلوقات في كتاب الله | |
| 650 | 1 | 7 | _aالأدب العربي |
| 650 | 1 | 7 | _aالقصص العربية |
| 650 | 1 | 7 | _aأدب الأطفال |
| 942 |
_2ddc _cBK |
||
| 999 |
_c37596 _d37596 |
||